Statistics for Taylor Swift: Clean lyrics

Click here to take the quiz!

General Stats

  • This quiz has been taken 1,637 times
  • The average score is 268 of 302

Answer Stats

Answer% Correct
a
99%
I
98%
The
98%
the
98%
was
98%
clean
97%
that
97%
when
97%
and
96%
do
96%
finally
96%
of
96%
you
96%
rain
94%
very
94%
worst
94%
am
93%
down
93%
(ah, ah)
92%
(ahh)
92%
(ahh ah)
92%
it
92%
pouring
92%
that's
92%
came
91%
think
91%
any
90%
breathe
90%
could
90%
drought
90%
drowning
90%
me
90%
to
90%
months
89%
no
89%
trace
88%
you're
88%
died
87%
flowers
87%
gone
87%
morning
87%
so
87%
back
86%
i'm
86%
thirst
86%
together
85%
forth
84%
in
84%
my
84%
grown
83%
like
83%
all
82%
don't
82%
ten
82%
wear
82%
we'd
82%
because
81%
but
81%
just
81%
miss
81%
can't
80%
mean
80%
admit
79%
by
79%
sober
79%
must
78%
now
78%
over
78%
perfect
78%
storm
78%
anymore
77%
dress
77%
never
76%
stained
76%
there
76%
gonna
75%
as
74%
one
74%
risk
74%
wine
74%
nothing
73%
older
73%
thing
73%
turned
73%
give
71%
hole
71%
left
71%
punched
71%
roof
71%
sky
71%
still
71%
won't
71%
head
70%
heard
70%
room
70%
black
69%
lost
69%
loud
69%
screamed
69%
pictures
68%
war
68%
water
68%
whole
68%
dust
67%
covered
66%
hung
66%
lungs
65%
away
64%
filled
64%
carry
63%
flood
61%
let
61%
butterflies
60%
said
38%

Score Distribution

Percentile by Number Answered

Percent of People with Each Score

Your Score History

You have not taken this quiz